000 00651cam a2200229u 4500
999 _c27801
_d27801
001 8928699
003 BDDh-ASL
005 20231015030808.0
008 830324s1964 xx b 000 0 eng
010 _asa 65010286
040 _aDLC
_cCarP
_dDLC
_dBDDh-ASL
050 0 0 _aDS461
_b.S7 1964
082 _a954
_bSRM
100 1 _aSrivastava, Ashirbadi Lal.
245 1 4 _aThe Mughul empire, 1526-1803, Part-2 /
250 _a4th rev. ed.
260 _aJaipur,
_bShiva Lal Agarwala
_c[1964]
300 _a418-1126 p. :
_bfold. maps.
_c23 cm.
651 0 _aMogul Empire.
906 _a0
_bcbc
_cpremunv
_du
_encip
_f19
_gy-gencatlg
942 _2ddc
_cBK